[Event "FICGS rapid A 000089 email"]
[Site "FICGS email"]
[Date "2010.09.16"]
[Round "1"]
[White "Cristancho, Fernando"]
[Black "Domingo Gadea, Jordi"]
[Result "1/2-1/2"]
[WhiteElo "2079"]
[BlackElo "1970"]
[PlyCount "91"]
[EventDate "2010.??.??"]
[EventType "tourn (rapid)"]
[EventRounds "6"]
[SourceTitle "Corr 2013"]
[Source "ChessBase"]
[SourceDate "2012.11.12"]
[SourceVersion "1"]
[SourceVersionDate "2012.11.12"]
[SourceQuality "1"]

1. d4 d5 2. c4 dxc4 3. e4 e5 4. Nf3 exd4 5. Bxc4 Nc6 6. 0-0 Be6 7. Bxe6 fxe6 8. Qb3 Qd7 9. Qxb7 Rb8 10. Qa6 Nf6 11. Nbd2 Bd6 12. a3 0-0 13. b4 Bf4 14. Nb3 Nxe4 15. Re1 Qd5 16. Qe2 Nxf2 17. Bxf4 Rxf4 18. Nbd2 Ng4 19. Qxe6+ Qxe6 20. Rxe6 Rf6 21. Rxf6 gxf6 22. Rc1 Nge5 23. Nxe5 Nxe5 24. Rxc7 Re8 25. Rxa7 Ng4 26. Kf1 Nxh2+ 27. Kf2 d3 28. Kg3 Re2 29. Kxh2 Rxd2 30. Kg3 Rb2 31. Kf3 d2 32. Rd7 Rb3+ 33. Ke4 Rxa3 34. Rxd2 Rb3 35. Rd4 Rg3 36. Kd5 Rxg2 37. b5 Rb2 38. Kc6 Rc2+ 39. Kb7 Kf7 40. b6 Ke6 41. Ra4 f5 42. Ka7 Ke5 43. b7 Rb2 44. Rc4 f4 45. Rc2 Rb3 46. b8Q+ 1/2-1/2

[Event "FICGS rapid A 000089 email"]
[Site "FICGS email"]
[Date "2010.09.16"]
[Round "1"]
[White "Riha, Josef"]
[Black "Cristancho, Fernando"]
[Result "1/2-1/2"]
[WhiteElo "2041"]
[BlackElo "2079"]
[PlyCount "87"]
[EventDate "2010.??.??"]
[EventType "tourn (rapid)"]
[EventRounds "6"]
[SourceTitle "Corr 2013"]
[Source "ChessBase"]
[SourceDate "2012.11.12"]
[SourceVersion "1"]
[SourceVersionDate "2012.11.12"]
[SourceQuality "1"]

1. e4 c5 2. Nf3 d6 3. d4 cxd4 4. Nxd4 Nf6 5. f3 e5 6. Bb5+ Nbd7 7. Nf5 d5 8. exd5 a6 9. Ba4 b5 10. Bb3 a5 11. c3 Nb6 12. Qd3 a4 13. Bc2 Qxd5 14. Qe2 Bxf5 15. Bxf5 Be7 16. Bg5 Rd8 17. 0-0 0-0 18. Re1 Nc4 19. b3 Nd6 20. Bc2 e4 21. Bf4 exf3 22. Qxf3 Qxf3 23. gxf3 Nd5 24. bxa4 Nxf4 25. Rxe7 bxa4 26. Bxa4 g6 27. Bc2 Rfe8 28. Rxe8+ Rxe8 29. Na3 Re2 30. Rd1 Nc4 31. Nxc4 Rg2+ 32. Kf1 Rxc2 33. Rd8+ Kg7 34. Rd4 g5 35. h4 Ne6 36. Re4 Rxc3 37. a4 Rxf3+ 38. Ke2 Rg3 39. hxg5 Rxg5 40. a5 h6 41. Re5 Rg2+ 42. Ke3 Ra2 43. Rb5 Kf6 44. Rd5 1/2-1/2

[Event "FICGS class C 000144 email"]
[Site "FICGS email"]
[Date "2010.04.21"]
[Round "1"]
[White "Ponting, Andrew"]
[Black "Cristancho, Fernando"]
[Result "1/2-1/2"]
[WhiteElo "1716"]
[BlackElo "1800"]
[PlyCount "75"]
[EventDate "2010.??.??"]
[EventType "tourn (corr)"]
[EventRounds "5"]
[SourceTitle "Corr 2013"]
[Source "ChessBase"]
[SourceDate "2012.11.12"]
[SourceVersion "1"]
[SourceVersionDate "2012.11.12"]
[SourceQuality "1"]

1. c4 e6 2. g3 Nf6 3. Bg2 d5 4. d4 Nc6 5. cxd5 exd5 6. Nc3 h6 7. Bf4 Bd6 8. Nf3 0-0 9. Bxd6 Qxd6 10. 0-0 Bf5 11. Qb3 Na5 12. Qb5 Nc4 13. Ne5 Nxe5 14. dxe5 Qxe5 15. Bxd5 Nxd5 16. Qxd5 Qxd5 17. Nxd5 Rae8 18. Ne3 Be6 19. Rfd1 f5 20. f3 Rd8 21. b3 Kf7 22. Kf2 Kf6 23. Rac1 c6 24. Nc4 b6 25. Na3 c5 26. h4 Ke7 27. Ke3 g6 28. Nc4 Kf6 29. Rd3 Rxd3+ 30. Kxd3 Rd8+ 31. Ke3 Bf7 32. Nb2 g5 33. hxg5+ hxg5 34. Nd3 Re8+ 35. Kf2 Rh8 36. Rc2 Bd5 37. Kf1 Rh7 38. Kg2 1/2-1/2

[Event "FICGS class C 000144 email"]
[Site "FICGS email"]
[Date "2010.04.21"]
[Round "1"]
[White "Weglicki, Slawomir"]
[Black "Cristancho, Fernando"]
[Result "0-1"]
[WhiteElo "1649"]
[BlackElo "1800"]
[PlyCount "100"]
[EventDate "2010.??.??"]
[EventType "tourn (corr)"]
[EventRounds "5"]
[SourceTitle "Corr 2013"]
[Source "ChessBase"]
[SourceDate "2012.11.12"]
[SourceVersion "1"]
[SourceVersionDate "2012.11.12"]
[SourceQuality "1"]

1. e4 e5 2. Nc3 Nf6 3. Bc4 Bc5 4. d3 0-0 5. Nf3 d6 6. 0-0 Be6 7. Bxe6 fxe6 8. Qe2 Nc6 9. Be3 b6 10. h3 Qe8 11. Nb5 Rc8 12. Qd2 Nh5 13. d4 Nxd4 14. Nbxd4 exd4 15. Nxd4 Qg6 16. f3 Rf7 17. Rad1 Rcf8 18. Nc6 Bxe3+ 19. Qxe3 a5 20. Rf2 e5 21. Qb3 Kh8 22. Rdf1 Nf4 23. Kh2 Qh6 24. Qc3 Re8 25. Rg1 Rf6 26. Qe1 Qh5 27. Qf1 Rh6 28. b4 a4 29. Rh1 Qg5 30. a3 Rg6 31. Kg1 Qg3 32. h4 Nh3+ 33. Rxh3 Qxh3 34. Qc4 Qxh4 35. Qf7 Rge6 36. Re2 Qg5 37. Kf2 Qc1 38. Qxc7 Rh6 39. Qf7 Ra8 40. Ne7 Rh1 41. Kg3 Rf1 42. Qf5 Qh6 43. Qg4 Rh1 44. Nf5 Qh2+ 45. Kf2 Qg1+ 46. Kg3 Rg8 47. Qg5 Rh6 48. Ne7 Rf8 49. Qg4 b5 50. Rd2 Qa7 0-1